Systematic theology : (Record no. 10262)
[ view plain ]
| 000 -LEADER | |
|---|---|
| fixed length control field | 00781nam a22002177a 4500 |
| 003 - CONTROL NUMBER IDENTIFIER | |
| control field | GBCCL |
| 005 - DATE AND TIME OF LATEST TRANSACTION | |
| control field | 20241126110728.0 |
| 008 - FIXED-LENGTH DATA ELEMENTS--GENERAL INFORMATION | |
| fixed length control field | 240509b ||||| |||| 00| 0 eng d |
| 020 ## - INTERNATIONAL STANDARD BOOK NUMBER | |
| International Standard Book Number | 9781845500498 |
| 020 ## - INTERNATIONAL STANDARD BOOK NUMBER | |
| International Standard Book Number | 1845500490 |
| 040 ## - CATALOGING SOURCE | |
| Transcribing agency | gbc |
| 082 ## - DEWEY DECIMAL CLASSIFICATION NUMBER | |
| Classification number | 230.046 |
| Item number | CUL |
| 100 ## - MAIN ENTRY--PERSONAL NAME | |
| Personal name | Culver, Robert Duncan |
| 9 (RLIN) | 17840 |
| 245 ## - TITLE STATEMENT | |
| Title | Systematic theology : |
| Remainder of title | biblical and historical / |
| Statement of responsibility, etc. | Robert Duncan Culver |
| 260 ## - PUBLICATION, DISTRIBUTION, ETC. | |
| Place of publication, distribution, etc. | Fearn, |
| Name of publisher, distributor, etc. | Mentor/Christian Focus, |
| Date of publication, distribution, etc. | 2006, ©2005 |
| 300 ## - PHYSICAL DESCRIPTION | |
| Extent | xviii, 1258 pages ; |
| Dimensions | 25 cm |
| 505 ## - FORMATTED CONTENTS NOTE | |
| Formatted contents note | Demanding no previous knowledge of theology, this work is endorsed by leading contemporary theologians. It is of interest to students, pastors and thinking Christians. |
| 650 ## - SUBJECT ADDED ENTRY--TOPICAL TERM | |
| Topical term or geographic name entry element | Bible |
| 9 (RLIN) | 5 |
| 650 ## - SUBJECT ADDED ENTRY--TOPICAL TERM | |
| Topical term or geographic name entry element | Bible |
| Form subdivision | Theology |
| 9 (RLIN) | 14801 |
| 942 ## - ADDED ENTRY ELEMENTS (KOHA) | |
| Source of classification or shelving scheme | Dewey Decimal Classification |
| Koha item type | Books |
| Koha issues (borrowed), all copies | 2 |
| Withdrawn status | Lost status | Source of classification or shelving scheme | Damaged status | Not for loan | Home library | Current Library | Shelving location | Date acquired | Total checkouts | Total renewals | Full call number | Barcode | Date last seen | Date last checked out | Copy number | Price effective from | Koha item type |
|---|---|---|---|---|---|---|---|---|---|---|---|---|---|---|---|---|---|
| Dewey Decimal Classification | GRACE BIBLE COLLEGE | GRACE BIBLE COLLEGE | Theology | 2024-05-09 | 5 | 1 | 230.046 CUL | 016793 | 2025-09-19 | 2025-09-18 | c.1 | 2024-05-09 | Books |